Až ke křížku /

Hlavní autor: Teršová, Klára, 1989-
Jazyk: Čeština
Vydáno: Praha : Argo, 2023
Vydání: Vydání první
Témata:
Fyzický popis: 231 stran ; 21 cm
Knihy
Uloženo v:
LEADER 01103nam a2200361 i 4500
001 nkc20233518930
003 CZ PrNK
005 20230815154105.0
007 ta
008 230502s2023 xr g 000 f cze
015 |a cnb003518930 
020 |a 978-80-257-4091-0  |q (vázáno) 
035 |a (OCoLC)1396730221 
040 |a ABG001  |b cze  |e rda 
072 7 |a 821.162.3-3  |x Česká próza  |2 Konspekt  |9 25 
080 |a 821.162.3-31  |2 MRF 
080 |a (0:82-31)  |2 MRF 
100 1 |a Teršová, Klára,  |d 1989-  |7 xx0273346  |4 aut 
245 1 0 |a Až ke křížku /  |c Klára Teršová 
250 |a Vydání první 
264 1 |a Praha :  |b Argo,  |c 2023 
300 |a 231 stran ;  |c 21 cm 
336 |a text  |b txt  |2 rdacontent 
337 |a bez média  |b n  |2 rdamedia 
338 |a svazek  |b nc  |2 rdacarrier 
655 7 |a české romány  |7 fd133974  |2 czenas 
655 9 |a Czech fiction  |2 eczenas 
910 2 |a BOA001  |b 2-1509.734 
920 |a 4704947  |z ABG001 
990 |a BK 
995 |a 01 
991 |b 202307  |c NOV 
996 6 |b 2610942631  |c 2-1509.734  |l MZK  |r Sklad / do 1 hodiny  |n 1  |p p.v.  |w 001931328  |u 000010  |a 1  |e BOA001  |j MZK50  |s P